| 000 | 00641nam a2200217 i 4500 | ||
|---|---|---|---|
| 001 | 176141 | ||
| 003 | ES-MaACL | ||
| 005 | 20250721193135.0 | ||
| 007 | t| | ||
| 008 | 101220s1967 sp ||||1| spa d | ||
| 080 | _a159.972 | ||
| 100 | 1 |
_aAlbert, L. _9144388 |
|
| 245 | 1 | 4 |
_aLos trastornos nerviosos / _cL. Albert. |
| 260 |
_aBarcelona : _bDe Vecchi, _cimp. 1967. |
||
| 300 |
_a122 p. ; _c17 cm. |
||
| 490 | 1 |
_aBiblioteca médica De Vecchi ; _v1 |
|
| 650 | 7 |
_aEnfermedades mentales _2embne _912263 |
|
| 830 | 0 |
_aBiblioteca médica De Vecchi ; _v1 _9189948 |
|
| 852 |
_aES-MaACL _jE-13829 _xOlim P-1292 |
||
| 999 |
_c176141 _d176141 |
||